00619nam a2200193Ia 4500001001000000003000500010008004100015010001100056040000900067082002000076100002000096245005000116260007200166300001500238440001500253500004600268650007400314710003700388Para_8171CHAP220125s1910 xx 000 0 und d a207083 cCHAP aPA-C 595.752 A6 aPatch, Edith M. aGall aphids of the olm /c by Edith M. Patch aOrono, Me. :b University of Maine. Agricultural Experiment Station a194-240 p. aAphidae; 1 aEncuadernado con otros impresos similares ax Afididos x Colecciones de escritos x Olmo x plagas x Cecidias aMaine. Agr. Exp. Sta. Bull.; 181